000 01137nam a22002657a 4500
003 OSt
005 20221118130342.0
007 c| ||||||a|c|a
008 221107s2020 mx adb|fom||| 00| 0 spa d
040 _erda
100 1 _9185451
_aGómez García, Carlos Alberto
245 1 _aCompetitividad de la producción de jitomate en el Estado de Oaxaca, región Valles Centrales /
_cpor Carlos Alberto Gómez García; director de tesis Alma Alicia Gómez Gómez
264 1 _aChapingo, México :
_bEl autor,
_c2020.
300 _a1 recurso en línea (72 páginas).
_bgráficas
336 _2rdacontent
_atexto
_btxt
337 _2rdamedia
_acomputadora
_bc
338 _2rdacarrier
_arecurso en línea
_bcr
502 _bMCEARN
_cDICEA
_d2020.
_gMAE
504 _aIncluye referencias bibliográficas: páginas 56-61
650 4 _9113704
_aTomate
_xCultivos en invernadero
650 4 _9113761
_aTomate
_xRendimiento
700 1 _949727
_aGómez Gómez, Alma Alicia
_eDirector de tesis
856 _uhttp://10.13.5.2/tesis/tm/2020_EA_Gomez_Garcia_CarlosAlberto.pdf
_zDESCARGAR PDF
942 _2Clasificación Universidad Autónoma Chapingo
_cTD
999 _c217723
_d217723